Zásada opatrnosti v účetnictví

Príčiny vzniku a základné vymedzenie zásady opatrnosti. Nadhodnotenie aktív a pasív a podhodnotenie dlhov a nákladov. Charakteristické zásady opatrnosti a aplikácia v ČR.

Na minha lista:
Detalhes bibliográficos
Autor principal: Fireš, B.
Formato: Capítulo de Livro
Idioma:tcheco
Assuntos:
Tags: Adicionar Tag
Sem tags, seja o primeiro a adicionar uma tag!

MARC

LEADER 00000naa a2200000 4500
001 r027245
005 20230913081037.4
041 0 |a cze 
044 |a CZ 
245 1 0 |a Zásada opatrnosti v účetnictví  |c B. Fireš 
520 |a Príčiny vzniku a základné vymedzenie zásady opatrnosti. Nadhodnotenie aktív a pasív a podhodnotenie dlhov a nákladov. Charakteristické zásady opatrnosti a aplikácia v ČR. 
610 2 0 |a účtovníctvo 
610 2 0 |a teória a prax 
610 2 0 |a risk management 
610 2 0 |a aktíva 
610 2 0 |a pasíva 
610 2 0 |a náklady 
610 2 0 |a dlhy 
610 2 0 |a Česko 
100 1 |a Fireš, B.